[Event "36. Copenhagen Open (Politiken Cup)"]
[Site "Elsinore"]
[Date "2014.07.24"]
[Round "5"]
[White "Schmied, Andreas"]
[Black "Rosenkilde, Alexander"]
[Result "1/2-1/2"]
[WhiteElo "2018"]
[BlackElo "2255"]
[PlyCount "92"]
[EventDate "2014.07.21"]
[EventType "swiss"]
[EventRounds "10"]
[EventCountry "DEN"]
[Source "ChessBase"]
[SourceDate "2014.08.29"]

1. Nf3 Nf6 2. g3 d5 3. Bg2 e6 4. O-O Be7 5. d4 O-O 6. c4 dxc4 7. Qc2 a6 8. Qxc4
b5 9. Qc2 Bb7 10. Bf4 Nc6 11. Rd1 Nb4 12. Qc1 Rc8 13. Nc3 Nbd5 14. Nxd5 Bxd5
15. Ne5 c5 16. Bxd5 Nxd5 17. dxc5 Bxc5 18. Qd2 Qe7 19. Nd3 Bb6 20. Rac1 h6 21.
Rxc8 Rxc8 22. Rc1 Qd8 23. Rxc8 Qxc8 24. Qc1 Qxc1+ 25. Bxc1 Kf8 26. Kf1 f5 27.
Nf4 Nxf4 28. Bxf4 g5 29. Bd2 Kg7 30. h3 g4 31. hxg4 fxg4 32. f4 Kf6 33. e4 Ke7
34. Ke2 Kd6 35. Be3 Bd8 36. Bd4 h5 37. Bf2 Kc6 38. Kd3 Be7 39. b3 Bb4 40. Ke2
Ba3 41. Kd3 a5 42. Ke2 a4 43. Kd3 Bb4 44. Ke2 Be7 45. Kd3 Bd6 46. Be3 Bb4
1/2-1/2

[Event "36. Copenhagen Open (Politiken Cup)"]
[Site "Elsinore"]
[Date "2014.07.24"]
[Round "5"]
[White "Schultz Pedersen, Jesper"]
[Black "Svedberg, Hans"]
[Result "0-1"]
[WhiteElo "2235"]
[BlackElo "1997"]
[PlyCount "88"]
[EventDate "2014.07.21"]
[EventType "swiss"]
[EventRounds "10"]
[EventCountry "DEN"]
[Source "ChessBase"]
[SourceDate "2014.08.29"]

1. e4 c5 2. b4 b6 3. bxc5 bxc5 4. Nc3 Nc6 5. f4 g6 6. Nf3 Bg7 7. Rb1 Nh6 8. Bc4
a6 9. O-O Rb8 10. Rxb8 Nxb8 11. Qe1 e6 12. Kh1 Nc6 13. a3 Bb7 14. d3 Nd4 15.
Nxd4 cxd4 16. Ne2 d5 17. exd5 Bxd5 18. Bxd5 Qxd5 19. Qb4 Nf5 20. Ng3 Nxg3+ 21.
hxg3 Kd7 22. Bd2 Rc8 23. Rb1 Qc6 24. Rb2 h5 25. Kg1 Bf6 26. Qa5 Ke8 27. Be1 Kf8
28. Bf2 Kg8 29. a4 Kg7 30. Qb4 Qd5 31. Kf1 Rd8 32. Qb7 Qf5 33. Qxa6 h4 34. Qb7
hxg3 35. Bxg3 Qh5 36. Rb1 Rd5 37. Kg1 Qg4 38. Bh2 Bh4 39. Rf1 Qe2 40. Qb1 Qe3+
41. Kh1 Bf2 42. Qa1 Rh5 43. Rxf2 Qxf2 44. a5 Qxf4 0-1

[Event "36. Copenhagen Open (Politiken Cup)"]
[Site "Elsinore"]
[Date "2014.07.24"]
[Round "5"]
[White "Skjoldager, Flemming"]
[Black "Collareta, Giovanni"]
[Result "1/2-1/2"]
[WhiteElo "1882"]
[BlackElo "2095"]
[PlyCount "63"]
[EventDate "2014.07.21"]
[EventType "swiss"]
[EventRounds "10"]
[EventCountry "DEN"]
[Source "ChessBase"]
[SourceDate "2014.08.29"]

1. d4 d5 2. c4 c6 3. cxd5 cxd5 4. Nf3 Nc6 5. Bf4 Nf6 6. e3 Qb6 7. Qb3 Qxb3 8.
axb3 e6 9. Bb5 Bd7 10. O-O Be7 11. h3 O-O 12. Nc3 Rfc8 13. Rfc1 a6 14. Bf1 Nb4
15. Ne5 Kf8 16. Bg5 Be8 17. Nd3 Nc6 18. Na4 Nd7 19. Bxe7+ Kxe7 20. Nac5 Nxc5
21. Rxc5 Bd7 22. Rac1 Na7 23. Ne5 Rxc5 24. Rxc5 Rc8 25. Nxd7 Kxd7 26. Rxc8 Nxc8
27. Bd3 g6 28. Kf1 Kc6 29. Ke2 Kb6 30. b4 Ne7 31. Kd2 Nc6 32. Kc3 1/2-1/2

[Event "36. Copenhagen Open (Politiken Cup)"]
[Site "Elsinore"]
[Date "2014.07.24"]
[Round "5"]
[White "Skovgaard, Ib"]
[Black "Huse, Sigurd Kjelsbol"]
[Result "1-0"]
[WhiteElo "2019"]
[BlackElo "1675"]
[PlyCount "83"]
[EventDate "2014.07.21"]
[EventType "swiss"]
[EventRounds "10"]
[EventCountry "DEN"]
[Source "ChessBase"]
[SourceDate "2014.08.29"]

1. Nf3 Nf6 2. Nc3 Nc6 3. d4 d5 4. Ne5 Bf5 5. e3 Nb4 6. Bd3 Nxd3+ 7. cxd3 c6 8.
O-O e6 9. Qb3 Qc7 10. Bd2 Bd6 11. f4 O-O 12. Rac1 a6 13. Ne2 Bxe5 14. dxe5 Nd7
15. Ng3 Bg6 16. d4 f5 17. Bb4 Rfe8 18. Rc3 a5 19. Bd6 Qb6 20. a4 Ra6 21. Qa2
Qa7 22. Rfc1 Rc8 23. b3 Rb6 24. h3 h6 25. Qc2 Bf7 26. Nxf5 exf5 27. Qxf5 Be8
28. Qe6+ Kh8 29. f5 c5 30. Rxc5 Rbc6 31. Rxc6 bxc6 32. f6 gxf6 33. exf6 Nb6 34.
f7 Qxf7 35. Qxh6+ Kg8 36. Rf1 Qxf1+ 37. Kxf1 Nd7 38. Qg5+ Kf7 39. h4 Ke6 40.
Qe7+ Kf5 41. g4+ Kg6 42. h5+ 1-0

[Event "36. Copenhagen Open (Politiken Cup)"]
[Site "Elsinore"]
[Date "2014.07.24"]
[Round "5"]
[White "Smirnov, Anton"]
[Black "Seegers, Hendrik"]
[Result "1-0"]
[WhiteElo "2334"]
[BlackElo "2196"]
[PlyCount "39"]
[EventDate "2014.07.21"]
[EventType "swiss"]
[EventRounds "10"]
[EventCountry "DEN"]
[Source "ChessBase"]
[SourceDate "2014.08.29"]

1. e4 d5 2. exd5 Nf6 3. Bb5+ Bd7 4. Bc4 b5 5. Bb3 Bg4 6. Nf3 Nbd7 7. h3 Bxf3 8.
Qxf3 Nb6 9. Nc3 b4 10. Ne4 a5 11. a4 bxa3 12. bxa3 a4 13. Nxf6+ exf6 14. Ba2
Ra5 15. c4 c6 16. Qe3+ Be7 17. Rb1 Nc8 18. d4 O-O 19. O-O Nd6 20. c5 1-0

[Event "36. Copenhagen Open (Politiken Cup)"]
[Site "Elsinore"]
[Date "2014.07.24"]
[Round "5"]
[White "Stam, Bart"]
[Black "Petersen, Tom Petri"]
[Result "0-1"]
[WhiteElo "2017"]
[BlackElo "2334"]
[PlyCount "36"]
[EventDate "2014.07.21"]
[EventType "swiss"]
[EventRounds "10"]
[EventCountry "DEN"]
[Source "ChessBase"]
[SourceDate "2014.08.29"]

1. e4 g6 2. d4 Bg7 3. c4 d6 4. Nc3 Nf6 5. f4 O-O 6. Be2 c5 7. d5 e6 8. Nf3 exd5
9. e5 dxe5 10. fxe5 Ng4 11. Bg5 f6 12. exf6 Bxf6 13. Qxd5+ Kg7 14. O-O Qe7 15.
Bxf6+ Rxf6 16. Qe4 Nc6 17. Ng5 Rxf1+ 18. Rxf1 Qxg5 0-1

[Event "36. Copenhagen Open (Politiken Cup)"]
[Site "Elsinore"]
[Date "2014.07.24"]
[Round "5"]
[White "Stojanovski, Sandi"]
[Black "Karlsson, Ulf"]
[Result "1/2-1/2"]
[WhiteElo "2230"]
[BlackElo "1994"]
[PlyCount "152"]
[EventDate "2014.07.21"]
[EventType "swiss"]
[EventRounds "10"]
[EventCountry "DEN"]
[Source "ChessBase"]
[SourceDate "2014.08.29"]

1. Nf3 Nf6 2. b3 d5 3. e3 Bg4 4. Bb2 Nbd7 5. d4 e6 6. Nbd2 Rc8 7. Bd3 Bd6 8.
O-O O-O 9. c4 c6 10. Qc2 Bxf3 11. Nxf3 h6 12. h3 Qc7 13. c5 Be7 14. b4 Ne8 15.
Rfe1 f5 16. Nd2 Nef6 17. f3 Qg3 18. Nf1 Qg5 19. Bc3 Nh5 20. Rab1 Bd8 21. Qd2
Bc7 22. f4 Qh4 23. Qf2 Qxf2+ 24. Kxf2 Nhf6 25. Nd2 Ne4+ 26. Bxe4 fxe4 27. Ke2
g5 28. fxg5 hxg5 29. Nb3 Rf7 30. Rf1 Rcf8 31. Rxf7 Rxf7 32. Na5 Bxa5 33. bxa5
Nf6 34. a6 bxa6 35. Rb8+ Rf8 36. Rb3 Nh5 37. Be1 Ng7 38. Ra3 e5 39. dxe5 Ne6
40. Rxa6 Nxc5 41. Rxc6 Nd3 42. e6 Rb8 43. Bc3 Rf8 44. e7 Rf2+ 45. Kd1 Kf7 46.
Rf6+ Kxe7 47. Rxf2 Nxf2+ 48. Kc2 Nd3 49. a3 Ke6 50. Kb3 Nc1+ 51. Kb4 Ne2 52.
Bd2 Ke5 53. Kc5 Ke6 54. a4 Ng3 55. Be1 Nf5 56. Bf2 Nd6 57. g3 Nc4 58. h4 Ne5
59. Kb5 Ng4 60. Bg1 gxh4 61. gxh4 d4 62. exd4 e3 63. Bxe3 Nxe3 64. Kc5 Nd5 65.
a5 Nf6 66. Kc6 Nh5 67. a6 Nf6 68. Kb7 Kd6 69. Kxa7 Kc7 70. Ka8 Kc8 71. Ka7 Kc7
72. h5 Nxh5 73. d5 Nf6 74. d6+ Kxd6 75. Kb7 Ne8 76. a7 Nc7 1/2-1/2

[Event "36. Copenhagen Open (Politiken Cup)"]
[Site "Elsinore"]
[Date "2014.07.24"]
[Round "5"]
[White "Stray, Gunnar"]
[Black "Buchal, Stephan"]
[Result "1/2-1/2"]
[WhiteElo "2053"]
[BlackElo "2295"]
[PlyCount "40"]
[EventDate "2014.07.21"]
[EventType "swiss"]
[EventRounds "10"]
[EventCountry "DEN"]
[Source "ChessBase"]
[SourceDate "2014.08.29"]

1. d4 g6 2. e4 Bg7 3. Nf3 d6 4. Bc4 Nf6 5. Qe2 O-O 6. h3 Nc6 7. O-O e5 8. dxe5
Nxe5 9. Nxe5 dxe5 10. Rd1 Qe7 11. Bg5 c6 12. a4 h6 13. Bh4 Be6 14. Na3 Rfd8 15.
c3 Bxc4 16. Nxc4 Qe6 17. Bxf6 Bxf6 18. a5 Kg7 19. b3 Rxd1+ 20. Rxd1 Rd8 1/2-1/2

[Event "36. Copenhagen Open (Politiken Cup)"]
[Site "Elsinore"]
[Date "2014.07.24"]
[Round "5"]
[White "Stuhr, Finn"]
[Black "Jacobsen, Caroline Beer"]
[Result "0-1"]
[WhiteElo "1800"]
[BlackElo "1622"]
[PlyCount "46"]
[EventDate "2014.07.21"]
[EventType "swiss"]
[EventRounds "10"]
[EventCountry "DEN"]
[Source "ChessBase"]
[SourceDate "2014.08.29"]

1. e4 e5 2. Nf3 Nc6 3. Bb5 a6 4. Ba4 Nf6 5. O-O Be7 6. Re1 b5 7. Bb3 d6 8. c3
O-O 9. d4 Bg4 10. Qd3 Bxf3 11. gxf3 Nh5 12. Be3 Bg5 13. Kf1 Bf4 14. Qd2 Bxh2
15. Bd5 Qd7 16. dxe5 dxe5 17. Bc5 Nf4 18. Rc1 Rfd8 19. c4 Qh3+ 20. Ke1 Ng2+ 21.
Ke2 Bf4 22. Be3 Nd4+ 23. Kf1 Qh1# 0-1

[Event "36. Copenhagen Open (Politiken Cup)"]
[Site "Elsinore"]
[Date "2014.07.24"]
[Round "5"]
[White "Stuhr, Peter Sebastian"]
[Black "Hagesaether, Arne"]
[Result "1-0"]
[WhiteElo "1965"]
[BlackElo "2145"]
[PlyCount "41"]
[EventDate "2014.07.21"]
[EventType "swiss"]
[EventRounds "10"]
[EventCountry "DEN"]
[Source "ChessBase"]
[SourceDate "2014.08.29"]

1. e4 c6 2. Bc4 d5 3. Bb3 dxe4 4. Qh5 g6 5. Qh4 Nf6 6. Nc3 Bg7 7. f3 Nbd7 8.
fxe4 Nc5 9. Nf3 Be6 10. O-O Bxb3 11. axb3 Ne6 12. e5 Nd5 13. Ne4 Ndf4 14. Neg5
Qb6+ 15. Kh1 h6 16. Nxe6 Nxe6 17. d4 Rd8 18. Be3 Qb5 19. Nd2 a5 20. c4 Qb6 21.
Qf2 1-0

[Event "36. Copenhagen Open (Politiken Cup)"]
[Site "Elsinore"]
[Date "2014.07.24"]
[Round "5"]
[White "Svane, Rasmus"]
[Black "Nordenbaek, Jan"]
[Result "1-0"]
[WhiteElo "2494"]
[BlackElo "2228"]
[PlyCount "71"]
[EventDate "2014.07.21"]
[EventType "swiss"]
[EventRounds "10"]
[EventCountry "DEN"]
[Source "ChessBase"]
[SourceDate "2014.08.29"]

1. c4 c5 2. Nf3 Nc6 3. Nc3 g6 4. e3 d6 5. d4 Bg4 6. Be2 Bg7 7. h3 cxd4 8. exd4
Bxf3 9. Bxf3 e5 10. Qa4 exd4 11. Bxc6+ bxc6 12. Qxc6+ Kf8 13. Ne4 f5 14. Qxd6+
Qxd6 15. Nxd6 Be5 16. c5 Rd8 17. Bg5 Ne7 18. Nc4 Bg7 19. Kd2 h6 20. Bxe7+ Kxe7
21. Rhe1+ Kf6 22. Kd3 Rd7 23. b4 g5 24. Re2 g4 25. h4 Rf8 26. Rae1 Kg6 27. Re7
Rxe7 28. Rxe7 Bf6 29. Rd7 f4 30. c6 Bxh4 31. c7 f3 32. gxf3 Rxf3+ 33. Ke4 Rf8
34. Nd6 Bf6 35. c8=Q Rxc8 36. Nxc8 1-0

[Event "36. Copenhagen Open (Politiken Cup)"]
[Site "Elsinore"]
[Date "2014.07.24"]
[Round "5"]
[White "Taksrud, Vidar"]
[Black "Fossan, Benjamin"]
[Result "1-0"]
[WhiteElo "2024"]
[BlackElo "1676"]
[PlyCount "71"]
[EventDate "2014.07.21"]
[EventType "swiss"]
[EventRounds "10"]
[EventCountry "DEN"]
[Source "ChessBase"]
[SourceDate "2014.08.29"]

1. Nf3 c5 2. c4 Nc6 3. d4 cxd4 4. Nxd4 g6 5. Nc3 Bg7 6. e3 Nf6 7. Be2 O-O 8.
O-O Rb8 9. b3 b6 10. Bb2 Bb7 11. Rc1 Ne5 12. Ncb5 a6 13. f4 Nc6 14. Nc3 d6 15.
Rc2 Re8 16. Rd2 Qc7 17. Nf3 Rbd8 18. Qa1 Na7 19. Rc1 Bc6 20. Nd5 Bxd5 21. cxd5
Qb7 22. e4 Nxe4 23. Bxg7 Nxd2 24. Nxd2 f6 25. Bh6 Qxd5 26. Bc4 Qxc4 27. Nxc4 b5
28. Nb6 Rb8 29. Qd4 Nc8 30. Nxc8 Rbxc8 31. Qd5+ Kh8 32. Rxc8 Rxc8 33. Qf7 Rg8
34. Qxe7 d5 35. Qxf6+ Rg7 36. Qxg7# 1-0

[Event "36. Copenhagen Open (Politiken Cup)"]
[Site "Elsinore"]
[Date "2014.07.24"]
[Round "5"]
[White "Thaler, Toni"]
[Black "Thorsbro, Peter"]
[Result "1/2-1/2"]
[WhiteElo "2081"]
[BlackElo "2216"]
[PlyCount "96"]
[EventDate "2014.07.21"]
[EventType "swiss"]
[EventRounds "10"]
[EventCountry "DEN"]
[Source "ChessBase"]
[SourceDate "2014.08.29"]

1. d4 f5 2. Nc3 Nf6 3. Bg5 d5 4. Bxf6 exf6 5. e3 Be6 6. Bd3 Nc6 7. Qf3 Qd7 8.
a3 O-O-O 9. Nge2 Kb8 10. Nf4 Bf7 11. h4 g5 12. hxg5 fxg5 13. Nh5 Bg6 14. O-O-O
Qf7 15. g4 f4 16. Bxg6 hxg6 17. Ng3 Rxh1 18. Rxh1 Bd6 19. Nxd5 Qe6 20. Ne2 fxe3
21. fxe3 Rf8 22. Qg2 Ne7 23. e4 Nxd5 24. exd5 Qe3+ 25. Kb1 Rf2 26. Rh3 Kc8 27.
Rxe3 Rxg2 28. Re4 Bf4 29. Re6 Rxg4 30. Rxg6 Be3 31. Re6 Bxd4 32. Nxd4 Rxd4 33.
Re5 Rd1+ 34. Ka2 g4 35. Rg5 Rg1 36. Rg7 g3 37. Kb3 g2 38. Kc3 Kd8 39. Kd2 Ke8
40. Ke2 Rc1 41. Rxg2 Rxc2+ 42. Kf3 Rxg2 43. Kxg2 Kd7 44. Kf3 Kd6 45. Ke4 Kc5
46. b3 a5 47. Ke5 b6 48. a4 b5 1/2-1/2

[Event "36. Copenhagen Open (Politiken Cup)"]
[Site "Elsinore"]
[Date "2014.07.24"]
[Round "5"]
[White "Thomsen, Kurt"]
[Black "Christensen, Thomas2"]
[Result "0-1"]
[WhiteElo "1940"]
[BlackElo "2139"]
[PlyCount "62"]
[EventDate "2014.07.21"]
[EventType "swiss"]
[EventRounds "10"]
[EventCountry "DEN"]
[Source "ChessBase"]
[SourceDate "2014.08.29"]

1. d4 Nc6 2. Nf3 e6 3. g3 g6 4. Bg2 Bg7 5. O-O Nge7 6. e4 d6 7. Be3 O-O 8. c3
e5 9. d5 Nb8 10. c4 h6 11. Nc3 f5 12. Rc1 g5 13. exf5 Nxf5 14. Qd2 Nd7 15. Ne4
b6 16. b4 Nf6 17. Nxf6+ Qxf6 18. Rfd1 Nxe3 19. fxe3 Bg4 20. Rf1 Qg6 21. h3 Bf5
22. c5 Rf6 23. cxb6 cxb6 24. Rc7 Raf8 25. Nh2 g4 26. hxg4 Bd3 27. Rxf6 Bxf6 28.
e4 Bd8 29. Rb7 Bxe4 30. Bxe4 Qxe4 31. Qxh6 Qd4+ 0-1

[Event "36. Copenhagen Open (Politiken Cup)"]
[Site "Elsinore"]
[Date "2014.07.24"]
[Round "5"]
[White "Thuesen, Mogens Henrik"]
[Black "Zude, Erik"]
[Result "0-1"]
[WhiteElo "2196"]
[BlackElo "2381"]
[PlyCount "66"]
[EventDate "2014.07.21"]
[EventType "swiss"]
[EventRounds "10"]
[EventCountry "DEN"]
[Source "ChessBase"]
[SourceDate "2014.08.29"]

1. d4 d6 2. c4 e5 3. Nf3 e4 4. Nfd2 f5 5. e3 c6 6. b3 Nf6 7. g3 Be7 8. Bg2 Na6
9. Ba3 Nc7 10. Nc3 Bd7 11. f3 d5 12. Bxe7 Qxe7 13. O-O O-O 14. f4 c5 15. Re1
Rfd8 16. Qc1 cxd4 17. exd4 Ne6 18. Qb2 Nxd4 19. Nxd5 Nxd5 20. Qxd4 Nb4 21. c5
a5 22. Bf1 Be6 23. Qc3 Rac8 24. Nxe4 fxe4 25. Rxe4 Qf7 26. a3 Bf5 27. Re5 Nd3
28. Bxd3 Rxd3 29. Qxa5 Qxb3 30. Qe1 Bd7 31. Rb1 Qc4 32. Rb4 Qc2 33. Re2 Qxc5+
0-1

[Event "36. Copenhagen Open (Politiken Cup)"]
[Site "Elsinore"]
[Date "2014.07.24"]
[Round "5"]
[White "Thybo, Jan"]
[Black "Merkesvik, Frode"]
[Result "0-1"]
[WhiteElo "1347"]
[BlackElo "1633"]
[PlyCount "58"]
[EventDate "2014.07.21"]
[EventType "swiss"]
[EventRounds "10"]
[EventCountry "DEN"]
[Source "ChessBase"]
[SourceDate "2014.08.29"]

1. e4 Nf6 2. e5 Nd5 3. d4 d6 4. Nf3 Nc6 5. Bb5 Bg4 6. h3 Bd7 7. a3 a6 8. Bc4
Be6 9. Ng5 Qd7 10. Qf3 h6 11. Nxe6 fxe6 12. Qh5+ Kd8 13. c3 Nb6 14. Ba2 d5 15.
Nd2 Na5 16. b4 Nac4 17. Nb3 Na4 18. Nc5 Nxc5 19. bxc5 b5 20. Bb1 g5 21. O-O Qe8
22. Bg6 Qc6 23. f4 Bg7 24. fxg5 hxg5 25. Qxg5 Bh6 26. Qh5 Be3+ 27. Bxe3 Rxh5
28. Rf8+ Kd7 29. Be8+ Rxe8 0-1

[Event "36. Copenhagen Open (Politiken Cup)"]
[Site "Elsinore"]
[Date "2014.07.24"]
[Round "5"]
[White "Tleptsok, Ruslan"]
[Black "Smerdon, David"]
[Result "0-1"]
[WhiteElo "2212"]
[BlackElo "2519"]
[PlyCount "62"]
[EventDate "2014.07.21"]
[EventType "swiss"]
[EventRounds "10"]
[EventCountry "DEN"]
[Source "ChessBase"]
[SourceDate "2014.08.29"]

1. e4 e6 2. d4 d5 3. e5 c5 4. c3 Nc6 5. Nf3 Bd7 6. Bd3 Rc8 7. dxc5 Bxc5 8. O-O
f6 9. b4 Bb6 10. b5 Nxe5 11. Nxe5 fxe5 12. Qh5+ Kf8 13. Qxe5 Nf6 14. a4 Kf7 15.
Bg5 Rf8 16. a5 Bc7 17. Qd4 h6 18. Bh4 Bxa5 19. Bxf6 gxf6 20. Qh4 Bb6 21. Ra4
Rg8 22. Qh5+ Ke7 23. Qxh6 Qf8 24. Qh4 Rh8 25. Qg3 Bc7 26. f4 Qh6 27. h3 Rcg8
28. Qf3 Qxh3 29. Kf2 Bb6+ 30. Ke1 Rxg2 31. Be2 Rg3 0-1

[Event "36. Copenhagen Open (Politiken Cup)"]
[Site "Elsinore"]
[Date "2014.07.24"]
[Round "5"]
[White "Tolba, Henri"]
[Black "Rasmussen, Morten(1956)"]
[Result "1/2-1/2"]
[WhiteElo "1675"]
[BlackElo "1861"]
[PlyCount "62"]
[EventDate "2014.07.21"]
[EventType "swiss"]
[EventRounds "10"]
[EventCountry "DEN"]
[Source "ChessBase"]
[SourceDate "2014.08.29"]

1. c4 f5 2. d4 Nf6 3. Nc3 g6 4. b3 Bg7 5. Bb2 O-O 6. e3 d6 7. f4 c6 8. Nf3 Re8
9. h4 Ng4 10. Qd2 Qc7 11. h5 e5 12. fxe5 dxe5 13. hxg6 hxg6 14. O-O-O Bh6 15.
Rxh6 Nxh6 16. Nxe5 Qd6 17. c5 Qf6 18. Bc4+ Be6 19. Bxe6+ Qxe6 20. Rh1 Nf7 21.
Nxf7 Qxf7 22. d5 Nd7 23. dxc6 bxc6 24. Ne4 Ne5 25. Nd6 Qe7 26. Nxe8 Qxc5+ 27.
Kb1 Rxe8 28. Bxe5 Qxe5 29. Qd7 Qe4+ 30. Ka1 Qe5+ 31. Kb1 Qe4+ 1/2-1/2

[Event "36. Copenhagen Open (Politiken Cup)"]
[Site "Elsinore"]
[Date "2014.07.24"]
[Round "5"]
[White "Ulberth, Nicolas"]
[Black "Sorensen, Bernhard W"]
[Result "0-1"]
[WhiteElo "1809"]
[BlackElo "1628"]
[PlyCount "122"]
[EventDate "2014.07.21"]
[EventType "swiss"]
[EventRounds "10"]
[EventCountry "DEN"]
[Source "ChessBase"]
[SourceDate "2014.08.29"]

1. d4 e6 2. Nf3 d5 3. Bf4 Bd6 4. Bg3 f5 5. e3 Nf6 6. Bd3 O-O 7. c3 Qe7 8. Nbd2
Bd7 9. Bxd6 Qxd6 10. Ne5 Be8 11. Ndf3 Bh5 12. Qc2 Ne4 13. h3 Nd7 14. Nxd7 Qxd7
15. Ne5 Qe7 16. g4 Be8 17. gxf5 exf5 18. O-O-O c5 19. Bxe4 fxe4 20. Kb1 c4 21.
Qe2 Qh4 22. Rdf1 Bh5 23. Qc2 b5 24. Rhg1 Qxh3 25. Rh1 Qf5 26. Rh4 Bf3 27. Rg1
a5 28. Rg3 Ra6 29. Rgh3 h5 30. Nxf3 exf3 31. Qxf5 Rxf5 32. Rxh5 Rxh5 33. Rxh5
Rh6 34. Rf5 Rh3 35. Kc2 g6 36. Rf4 Kg7 37. Kd2 b4 38. cxb4 axb4 39. a4 Rh1 40.
Rxf3 Rb1 41. Kc2 Re1 42. Rf4 Re2+ 43. Kc1 Re1+ 44. Kd2 c3+ 45. bxc3 b3 46. Kxe1
b2 47. Kd2 b1=Q 48. Rf3 Qa2+ 49. Kd3 Qxa4 50. Kd2 Qa2+ 51. Kd3 Qc4+ 52. Kd2 Qf1
53. Rf4 Kh6 54. Rf3 g5 55. Rf5 g4 56. Rf4 Qg2 57. Ke1 Kh5 58. Ke2 Kg5 59. Ke1
Qg1+ 60. Ke2 Qc1 61. Kd3 Qd1# 0-1

[Event "36. Copenhagen Open (Politiken Cup)"]
[Site "Elsinore"]
[Date "2014.07.24"]
[Round "5"]
[White "Undheim, Bjarne"]
[Black "Beckett, Christopher J"]
[Result "0-1"]
[WhiteElo "1870"]
[BlackElo "2132"]
[PlyCount "66"]
[EventDate "2014.07.21"]
[EventType "swiss"]
[EventRounds "10"]
[EventCountry "DEN"]
[Source "ChessBase"]
[SourceDate "2014.08.29"]

1. e4 e6 2. d4 c5 3. c3 d5 4. e5 Qb6 5. Bd3 Bd7 6. Ne2 Bb5 7. O-O Nc6 8. b3
Bxd3 9. Qxd3 Rc8 10. Ba3 Nh6 11. Nd2 c4 12. bxc4 Bxa3 13. cxd5 exd5 14. Nf4 O-O
15. Nxd5 Qd8 16. c4 Bb2 17. Ne4 g6 18. Ndf6+ Kg7 19. Qd2 Bxd4 20. Qg5 Nf5 21.
Rad1 h6 22. Qg4 Nxe5 23. Qf4 Rc6 24. g4 Nh4 25. Rxd4 Nhf3+ 26. Kh1 Qxd4 27. h4
Qxc4 28. Rd1 Qe2 29. Rg1 Nd3 30. Nh5+ gxh5 31. gxh5+ Nxg1 32. Qg3+ Kh7 33. Qg2
Qf3 0-1

[Event "36. Copenhagen Open (Politiken Cup)"]
[Site "Elsinore"]
[Date "2014.07.24"]
[Round "5"]
[White "Veng, Johny"]
[Black "Tandrup, Michael"]
[Result "1-0"]
[WhiteElo "2244"]
[BlackElo "2019"]
[PlyCount "87"]
[EventDate "2014.07.21"]
[EventType "swiss"]
[EventRounds "10"]
[EventCountry "DEN"]
[Source "ChessBase"]
[SourceDate "2014.08.29"]

1. c4 Nf6 2. Nf3 g6 3. d4 c5 4. g3 Bg7 5. Bg2 O-O 6. O-O d6 7. Nc3 cxd4 8. Nxd4
a6 9. b3 Qc7 10. Bb2 Nc6 11. Rc1 Nxd4 12. Qxd4 Ne8 13. Qd2 Nf6 14. Rc2 Be6 15.
Rfc1 Qd7 16. Na4 Rab8 17. c5 Bf5 18. e4 Nxe4 19. Bxe4 Bxb2 20. Bxf5 Bxc1 21.
Bxd7 Bxd2 22. Rxd2 dxc5 23. Nb6 c4 24. b4 Kg7 25. Rc2 f5 26. a4 Rf6 27. a5 Rd6
28. Rxc4 Kf6 29. Rc7 Rd4 30. Bc8 Kg5 31. b5 axb5 32. h4+ Kh6 33. Bxb7 b4 34. a6
Rd1+ 35. Kg2 Ra1 36. Rxe7 b3 37. Re2 Ra2 38. Re1 Rd8 39. Nd5 Rd6 40. Rb1 b2 41.
Nb4 Rd1 42. Rxd1 Ra1 43. Nd3 Rxd1 44. Nxb2 1-0

[Event "36. Copenhagen Open (Politiken Cup)"]
[Site "Elsinore"]
[Date "2014.07.24"]
[Round "5"]
[White "Weeks, Manuel William"]
[Black "Ly, Moulthun"]
[Result "1-0"]
[WhiteElo "2206"]
[BlackElo "2466"]
[PlyCount "91"]
[EventDate "2014.07.21"]
[EventType "swiss"]
[EventRounds "10"]
[EventCountry "DEN"]
[Source "ChessBase"]
[SourceDate "2014.08.29"]

1. d4 Nf6 2. Bg5 e6 3. Nf3 c5 4. e3 Qb6 5. Nbd2 d5 6. Bxf6 gxf6 7. Bd3 c4 8.
Be2 Qxb2 9. Rb1 Qa3 10. O-O f5 11. Ne5 Nc6 12. Nxc6 bxc6 13. Nf3 Bg7 14. Ne5 c5
15. Bh5 O-O 16. Nxf7 cxd4 17. exd4 Rxf7 18. Bxf7+ Kxf7 19. Qh5+ Kf8 20. Qxh7
Qe7 21. c3 Qc7 22. Rb5 Rb8 23. Rfb1 Rb6 24. h4 Bd7 25. R5b4 Be8 26. h5 Rxb4 27.
Rxb4 Qf4 28. Rb7 Qc1+ 29. Kh2 Qh6 30. Qxh6 Bxh6 31. Rxa7 e5 32. dxe5 Bf4+ 33.
g3 Bxe5 34. Ra5 Bf7 35. h6 Bxc3 36. Ra8+ Be8 37. h7 Bg7 38. a4 Ke7 39. a5 Bd7
40. Rg8 Kf7 41. a6 d4 42. a7 Bc6 43. Rc8 Bd5 44. Rc5 Ba8 45. Rxc4 d3 46. Rc7+
1-0

[Event "36. Copenhagen Open (Politiken Cup)"]
[Site "Elsinore"]
[Date "2014.07.24"]
[Round "5"]
[White "Wilen, Eero"]
[Black "Levushkina, Elena"]
[Result "0-1"]
[WhiteElo "2087"]
[BlackElo "2310"]
[PlyCount "92"]
[EventDate "2014.07.21"]
[EventType "swiss"]
[EventRounds "10"]
[EventCountry "DEN"]
[Source "ChessBase"]
[SourceDate "2014.08.29"]

1. c4 e5 2. Nc3 Bb4 3. g3 Bxc3 4. dxc3 d6 5. Bg2 Nc6 6. Nf3 a5 7. a4 Nge7 8.
O-O O-O 9. e4 Ng6 10. Ne1 Qe7 11. Nc2 f5 12. exf5 Bxf5 13. Ne3 Be6 14. Nd5 Qd7
15. Be3 Rad8 16. Qb3 b6 17. Qb5 Nce7 18. Nxc7 Qxc7 19. Bxb6 Qxc4 20. Bxd8 Rxd8
21. Qxa5 Rb8 22. Rad1 d5 23. Rd2 Qc6 24. Ra1 e4 25. f3 exf3 26. Bxf3 Ne5 27.
Be2 Nf5 28. Qa7 Ra8 29. Qf2 Rxa4 30. Rxa4 Qxa4 31. Qb6 Qe8 32. Qc7 Bf7 33. b4
Nf3+ 34. Bxf3 Qe1+ 35. Kg2 Qxd2+ 36. Kh3 Qh6+ 37. Kg2 Qd2+ 38. Kh3 Qh6+ 39. Kg2
g6 40. b5 Qd2+ 41. Kh3 Qh6+ 42. Kg2 Ne3+ 43. Kg1 Nc4 44. Qc5 Qc1+ 45. Kf2 Qxc3
46. b6 Qb2+ 0-1

[Event "36. Copenhagen Open (Politiken Cup)"]
[Site "Elsinore"]
[Date "2014.07.25"]
[Round "6"]
[White "Aabling Thomsen, Jakob"]
[Black "Lofgren, Claes"]
[Result "0-1"]
[WhiteElo "2333"]
[BlackElo "2109"]
[PlyCount "98"]
[EventDate "2014.07.21"]
[EventType "swiss"]
[EventRounds "10"]
[EventCountry "DEN"]
[Source "ChessBase"]
[SourceDate "2014.08.29"]

1. e4 c5 2. Nf3 e6 3. d3 Nc6 4. g3 g6 5. d4 cxd4 6. Nxd4 Nxd4 7. Qxd4 Qf6 8. e5
Qf3 9. Rg1 Bg7 10. Be2 Qf5 11. f4 f6 12. Na3 fxe5 13. Qc3 Ne7 14. Nb5 O-O 15.
g4 Qe4 16. f5 Nd5 17. Qb3 Nf4 18. Bxf4 exf4 19. fxe6 dxe6 20. Rf1 Bd7 21. Nd6
Qd4 22. Nc4 Bf6 23. Qh3 Bc6 24. c3 Qe4 25. Rd1 Bd5 26. Nd2 Qg2 27. Qh6 Bg7 28.
Qh4 f3 29. Bd3 Be5 30. Rf2 Qg1+ 31. Nf1 Bf4 32. c4 Bc6 33. Rc2 e5 34. Bxg6 hxg6
35. Rd6 Kg7 36. Qe7+ Rf7 37. Qe6 Be4 38. Rd7 Raf8 39. Rf2 Bc6 40. Rd6 Rf6 41.
Qe7+ R8f7 42. Qd8 Rxd6 43. Qxd6 Qxg4 44. Qc5 Qf5 45. Nd2 Rd7 46. Nxf3 Bxf3 47.
Rxf3 Qe4+ 48. Kf2 Rd2+ 49. Kg1 Qe1+ 0-1